Statistics for Car's Outside Lyrics

Click here to take the quiz!

General Stats

  • This quiz has been taken 11 times
  • The average score is 217 of 346

Answer Stats

HintAnswer% Correct
a
100%
I
100%
when
100%
Pre ChorusYou
100%
you
100%
do
89%
don't
89%
the
89%
wanna
89%
your
89%
bags
78%
Chorus | Verse 1 | Verse 2I'm
78%
i'm
78%
never
78%
oh
78%
BridgeOh
78%
pack
78%
addison
67%
an
67%
anymore
67%
as
67%
but
67%
car's
67%
close
67%
comin'
67%
for
67%
in
67%
leaave
67%
leave
67%
lee
67%
me
67%
outside
67%
say
67%
so
67%
that
67%
time
67%
to
67%
unless
67%
you're
67%
afar
56%
again
56%
alone
56%
always
56%
and
56%
becomin'
56%
bright
56%
city
56%
darling
56%
didn't
56%
doors
56%
eyes
56%
from
56%
gettin'
56%
go
56%
it
56%
it's
56%
know
56%
last
56%
leavin'
56%
lights
56%
line
56%
many
56%
my
56%
no
56%
not
56%
of
56%
packin'
56%
sayin'
56%
see
56%
shine
56%
tag
56%
times
56%
tonight
56%
try
56%
unpack
56%
windows
56%
with
56%
all
44%
are
44%
being
44%
catch
44%
flight
44%
goodbye
44%
hold
44%
i'd
44%
lock
44%
now
44%
sleepin'
44%
than
44%
things
44%
this
44%
where
44%
ah
33%
four
33%
hotel
33%
lovin'
33%
minute
33%
more
33%
need
33%
rather
33%
them
33%
tired
33%
truth
33%
up
33%
walls
33%
well
33%
at
22%
bill
22%
'cause
22%
hand
22%
have
22%
most
22%
phone
22%
same
22%
starin'
22%
trade
22%
twice
22%
would
22%
called
11%
different
11%
feelin'
11%
gonna
11%
guess
11%
he's
11%
it'll
11%
Post ChorusOoh-ooh
11%
Post Chorusooh-ooh
11%
run
11%
unfamiliar
11%
wait
11%
bages
0%
moblie
0%

Score Distribution

Percentile by Number Answered

Percent of People with Each Score

Your Score History

You have not taken this quiz